A Text book of Bioinformatics / (رقم التسجيلة. 31336)

تفاصيل مارك
000 -الفاتح
حقل البيانات ثابتة الطول 00628nam a2200217 a 4500
001 - رقم الضبط
رقم الضبط ASIN0198084560
003 - محدد رقم الضبط
رقم الضبط OSt
005 - وقت وتاريخ اخر تعامل مع التسجيلة
رقم الضبط 20150408114143.0
008 - عناصر البيانات ثابتة الطول - معلومات عامة
حقل البيانات ثابتة الطول 130927s2012 xxu eng d
020 ## - الرقم الدولى المعيارى للكتب
الرقم الدولى المعيارى للكتاب 9788171339174
040 ## - مصدر الفهرسة
وكالة الفهرسة الأصلية Ma-Un
082 04 - رقم تصنيف ديوى العشرى
رقم التصنيف 572.8
100 1# - المدخل الرئيسى - إسم شخصى
الإسم الشخصى Sharma, Vinay.
9 (RLIN) 37949
245 10 - بيان العنوان
العنوان A Text book of Bioinformatics /
بيان المسئوليه,etc Vinay Sharma, Ashok Munjal and Ashish Shanker
260 ## - PUBLICATION, DISTRIBUTION, ETC. (IMPRINT)
مكان الناشر او الموزع New Delhi:
اسم الناشر او الموزع RASTOGI PUBLICATIONS
تاريخ النشر أو التوزيع 2012.
300 ## - الوصف المادى
التعداد 260 p. ;
أبعاد الوعاء 25 cm.
650 #0 - المدخل الاضافى بالموضوع-مصطلح موضوعى
مصطلح موضوعي أو اسم جغرافي كعنصر مدخل Bioinformatics
9 (RLIN) 4843
التقسيم الفرعي الشكلي Textbooks
700 ## - المدخل الاضافى - اسم شخصى
الإسم الشخصى Munjal, Ashok
9 (RLIN) 38028
700 ## - المدخل الاضافى - اسم شخصى
الإسم الشخصى Shanker, Asheesh
9 (RLIN) 38029
942 ## - عناصر المدخل الإضافي( كوها)
مصدر التصنيف او مخطط الترفيف Dewey Decimal Classification
Koha [default] item type كتاب
المقتنيات
حالة الفقد نموذج السعر الفعال حالة تلف ليس للاعارة رقم الطلب رقم النسخة تاريخ الاكتساب الموقع الحالي الباركود الفرع الرئيسي Date last seen نوع المادة فى نظام كوها مصدر التصنيف او خطة الترفيف Total Checkouts
  2013-10-19     572.8 SVT n1 2013-10-19 المكتبة المركزية بالمجمعة (CL) 00451201 المكتبة المركزية بالمجمعة (CL) 2013-10-19 كتاب Dewey Decimal Classification  
  2013-10-19     572.8 SVT n2 2013-10-19 المكتبة المركزية بالمجمعة (CL) 00451199 المكتبة المركزية بالمجمعة (CL) 2013-10-19 كتاب Dewey Decimal Classification  
  2013-10-19   Not For Loan 572.8 SVT n3 2013-10-19 المكتبة المركزية بالمجمعة (CL) 00451197 المكتبة المركزية بالمجمعة (CL) 2013-10-19 كتاب Dewey Decimal Classification  
  2013-10-19     572.8 SVT n1 2013-10-19 مكتبة مجمع الكليات بالزلفى - طلاب (SZM) 00451200 مكتبة مجمع الكليات بالزلفى - طلاب (SZM) 2013-10-19 كتاب Dewey Decimal Classification  
  2013-10-19     572.8 SVT n2 2013-10-19 مكتبة مجمع الكليات بالزلفى - طلاب (SZM) 00451198 مكتبة مجمع الكليات بالزلفى - طلاب (SZM) 2013-10-19 كتاب Dewey Decimal Classification  
  2013-10-19   Not For Loan 572.8 SVT n3 2013-10-19 مكتبة مجمع الكليات بالزلفى - طلاب (SZM) 00451202 مكتبة مجمع الكليات بالزلفى - طلاب (SZM) 2013-10-19 كتاب Dewey Decimal Classification